LEADER 01332nam 2200385 450 001 000006726 005 20050718115200.0 100 $a20001220d1982----km-y0itay0103----ba 101 0 $aita 102 $aIT 200 1 $aSaggi di geomorfologia e geologia ambientale$fa cura di Paolo Colosimo 210 $aAncona$cNuove Ricerche$dc1982 215 $a347 p.$cill.$d24 cm. 606 $aMorfologia terrestre 676 $a551.41$v(21. ed.)$9Geomorfologia 702 1$aColosimo,$bPaolo 801 0$aIT$bUniversità della Basilicata - B.I.A.$gRICA$2unimarc 912 $a000006726 996 $aSaggi di geomorfologia e geologia ambientale$976009 997 $aUNIBAS BAS $aMONAGR BAS $aMONOGR BAS $aAGRARIA CAT $aVALVANO$b01$c20001220$lBAS01$h1121 CAT $aVALVANO$b01$c20001220$lBAS01$h1127 CAT $aTORRE$b20$c20030716$lBAS01$h1003 CAT $aTORRE$b20$c20031127$lBAS01$h1133 CAT $aTORRE$b20$c20031128$lBAS01$h1057 CAT $c20050601$lBAS01$h1753 CAT $abatch$b01$c20050718$lBAS01$h1049 CAT $c20050718$lBAS01$h1108 CAT $c20050718$lBAS01$h1138 CAT $c20050718$lBAS01$h1152 FMT Z30 -1$lBAS01$LBAS01$mBOOK$1BASA2$APolo Tecnico-Scientifico$2DID$BDidattica$3PTS.s2.p54.4$651636$5A51636$820001220$f04$FPrestabile Didattica LEADER 01504nam 2200349Ia 450 001 996385824003316 005 20221108084701.0 035 $a(CKB)1000000000606651 035 $a(EEBO)2240879004 035 $a(OCoLC)11780653 035 $a(EXLCZ)991000000000606651 100 $a19850308d1676 uy | 101 0 $aeng 135 $aurbn||||a|bb| 200 02$aA scriptural catechism, or, The duty of man laid down in express words of Scripture$b[electronic resource] $echiefly intended for the benefit of the younger sort : divided into two parts : the first containing the chief principles of our Christian belief, the second instructing us in our duty to God and man, according to the method observed in the excellent book, entituled, The whole duty of man : to which is added some private devotions in express words of Scripture with devout collects for several occasions 205 $aThe third edition. 210 $aLondon $cPrinted by H.C. for Moses Pitt ...$d1676 215 $a[8], 80 p 300 $a"The epistle dedicatory" signed: R.E. 300 $aReproduction of original in the British Library. 330 $aeebo-0113 606 $aDevotional exercises 615 0$aDevotional exercises. 700 $aR. E$01004668 801 0$bEAA 801 1$bEAA 801 2$bm/c 801 2$bWaOLN 906 $aBOOK 912 $a996385824003316 996 $aA scriptural catechism, or, The duty of man laid down in express words of Scripture$92308165 997 $aUNISA